Awon oju odu mereerindinlogun

Gespeichert in:
Bibliographische Detailangaben
1. Verfasser: ABIMBOLA, ‘Wande
Format: Buch
Sprache:Englisch
Veröffentlicht: University Press 2014
Tags: Tag hinzufügen
Keine Tags, Fügen Sie den ersten Tag hinzu!

MARC

LEADER 00000nam a22000007a 4500
008 201217b ||||| |||| 00| 0 eng d
020 |a 978-978-069-7051 
100 |a ABIMBOLA, ‘Wande. 
245 |a Awon oju odu mereerindinlogun  |c Wande Abimbola  |g Wande Abimbola 
260 |b University Press  |c 2014  |h Ibadan  |i 690987  |i 690988   |i 691384  |i 691385  |l PL8824 .A2Ab5  |m Yoruba poetry 
942 |a lcc  |c BK  |e Kuteyi, M. A.  |f 17/12/2020 
952 |0 0  |1 0  |2 lcc  |4 0  |6 PL8824 A2 A B5  |7 0  |9 678  |a HOL  |b ART  |c LP  |d 2020-12-17  |l 0  |o PL8824 .A2Ab5  |p 2020-22995  |r 2020-12-17 00:00:00  |w 2020-12-17  |y BK 
952 |0 0  |1 0  |2 lcc  |4 0  |6 PL8824 A2 A B5  |7 0  |9 679  |a HOL  |b AC  |c LP  |d 2020-12-17  |l 0  |o PL8824 .A2Ab5  |p 2020-22996  |r 2020-12-17 00:00:00  |w 2020-12-17  |y BK 
952 |0 0  |1 0  |2 lcc  |4 0  |6 PL8824 A2 A B5  |7 0  |9 680  |a HOL  |b HOL  |c LP  |d 2020-12-17  |l 0  |o PL8824 .A2Ab5  |p 2020-22997  |r 2020-12-17 00:00:00  |w 2020-12-17  |y BK 
952 |0 0  |1 0  |2 lcc  |4 0  |6 PL8824 A2 A B5  |7 0  |9 681  |a HOL  |b HOL  |c LP  |d 2020-12-17  |l 0  |o PL8824 .A2Ab5  |p 2020-22998  |r 2020-12-17 00:00:00  |w 2020-12-17  |y BK 
999 |c 380  |d 380